[Event "HUN-chT3"]
[Site "Hungary"]
[Date "1997.??.??"]
[Round "?"]
[White "Varga, Sandor"]
[Black "Papp, Laszlo"]
[Result "0-1"]
[WhiteElo "2280"]
[BlackElo "2210"]
[PlyCount "48"]
[EventDate "1997.??.??"]
[EventType "team"]
[EventRounds "13"]
[EventCountry "HUN"]
[SourceTitle "EXT 2001"]
[Source "ChessBase"]
[SourceDate "2000.11.22"]
[SourceVersion "1"]
[SourceVersionDate "2000.11.22"]
[SourceQuality "1"]

1. e4 e6 2. d4 d5 3. Nd2 Nf6 4. e5 Nfd7 5. f4 c5 6. c3 Nc6 7. Ndf3 Qb6 8. Ne2 Be7 9. g3 0-0 10. Bh3 a5 11. 0-0 a4 12. f5 cxd4 13. cxd4 Ndxe5 14. Nxe5 Nxe5 15. Kh1 Nc4 16. f6 Bxf6 17. Rxf6 gxf6 18. Bh6 e5 19. Bxc8 Rfxc8 20. Nc3 f5 21. Nxd5 Qxh6 22. Ne7+ Kf8 23. Nxc8 Rxc8 24. dxe5 Qc6+ 0-1

[Event "HUN-chT2 9596"]
[Site "Hungary"]
[Date "1996.??.??"]
[Round "11"]
[White "Varga, Sandor"]
[Black "Emodi, Gyula"]
[Result "1-0"]
[WhiteElo "2275"]
[BlackElo "2395"]
[PlyCount "79"]
[EventDate "1995.??.??"]
[EventType "team"]
[EventRounds "11"]
[EventCountry "HUN"]
[SourceTitle "EXT 2000"]
[Source "ChessBase"]
[SourceDate "1999.11.16"]
[SourceVersion "1"]
[SourceVersionDate "1999.11.16"]
[SourceQuality "1"]

1. e4 e5 2. Nf3 Nc6 3. d4 exd4 4. Bc4 Nf6 5. e5 d5 6. Bb5 Ne4 7. Nxd4 Bc5 8. Be3 Bxd4 9. Bxd4 0-0 10. Bxc6 bxc6 11. Nc3 Ba6 12. Nxe4 dxe4 13. Qd2 Qd5 14. b3 c5 15. Bc3 Qc6 16. 0-0-0 Bb7 17. Qd7 Rfe8 18. Rhe1 a5 19. Re3 a4 20. Rg3 g6 21. Qh3 Bc8 22. Qh6 Bf5 23. e6 f6 24. Rd7 Qxd7 25. exd7 Rf8 26. Rg5 Rf7 27. Rxf5 gxf5 28. Bxf6 Rxd7 29. Qg5+ Kf8 30. Qxf5 Rf7 31. Qxc5+ Kg8 32. Be7 Re8 33. Qg5+ Rg7 34. Qd5+ Rf7 35. Bf6 h6 36. bxa4 Kf8 37. Bd4 Ke7 38. a5 Rd8 39. Bc5+ Ke8 40. Qe6+ 1-0

[Event "HUN-chT2 9495"]
[Site "Hungary"]
[Date "1995.??.??"]
[Round "?"]
[White "Gara, Gyorgy"]
[Black "Varga, Sandor"]
[Result "0-1"]
[WhiteElo "2240"]
[BlackElo "2260"]
[PlyCount "72"]
[EventDate "1994.??.??"]
[EventType "team"]
[EventRounds "13"]
[EventCountry "HUN"]
[SourceTitle "EXT 1999"]
[Source "ChessBase"]
[SourceDate "1998.11.16"]
[SourceVersion "1"]
[SourceVersionDate "1998.11.16"]
[SourceQuality "1"]

1. d4 Nf6 2. c3 g6 3. Bg5 Bg7 4. Nd2 d6 5. Ngf3 0-0 6. e3 a5 7. a4 b6 8. Qc2 Nbd7 9. Rd1 Bb7 10. Bc4 Qc8 11. h4 Ba6 12. Ba2 e6 13. Nf1 c5 14. Ng3 h5 15. e4 d5 16. e5 Ng4 17. Bb1 cxd4 18. Nxd4 Ndxe5 19. f3 Nf6 20. Bxf6 Bxf6 21. Nxh5 Qd8 22. Kf2 Re8 23. Nxf6+ Qxf6 24. Qd2 Nc4 25. Qc1 e5 26. Nb5 Bxb5 27. axb5 e4 28. Rxd5 exf3 29. gxf3 Re3 30. Bf5 Rae8 31. Qf1 Re2+ 32. Qxe2 Rxe2+ 33. Kxe2 gxf5 34. Kd3 Nxb2+ 35. Kc2 Na4 36. Rd3 Qe6 0-1

[Event "HUN-chT2 9495"]
[Site "Hungary"]
[Date "1995.??.??"]
[Round "?"]
[White "Kocsis, Janos"]
[Black "Varga, Sandor"]
[Result "1/2-1/2"]
[WhiteElo "2290"]
[BlackElo "2260"]
[PlyCount "20"]
[EventDate "1994.??.??"]
[EventType "team"]
[EventRounds "13"]
[EventCountry "HUN"]
[SourceTitle "EXT 1999"]
[Source "ChessBase"]
[SourceDate "1998.11.16"]
[SourceVersion "1"]
[SourceVersionDate "1998.11.16"]
[SourceQuality "1"]

1. c4 Nf6 2. Nc3 g6 3. e4 d6 4. d4 Bg7 5. Nf3 0-0 6. Be2 c5 7. 0-0 Nc6 8. d5 Na5 9. Rb1 b6 10. a3 Bg4 1/2-1/2

[Event "HUN-chT2 9596"]
[Site "Hungary"]
[Date "1995.??.??"]
[Round "4"]
[White "Molnar, Bela"]
[Black "Varga, Sandor"]
[Result "1/2-1/2"]
[WhiteElo "2360"]
[BlackElo "2275"]
[PlyCount "93"]
[EventDate "1995.??.??"]
[EventType "team"]
[EventRounds "11"]
[EventCountry "HUN"]
[SourceTitle "EXT 2000"]
[Source "ChessBase"]
[SourceDate "1999.11.16"]
[SourceVersion "1"]
[SourceVersionDate "1999.11.16"]
[SourceQuality "1"]

1. e4 e5 2. Nf3 Nc6 3. Bb5 f5 4. Nc3 fxe4 5. Nxe4 Nf6 6. Qe2 d5 7. Nxf6+ gxf6 8. d4 Bg7 9. dxe5 0-0 10. e6 Qd6 11. 0-0 Qxe6 12. Qxe6+ Bxe6 13. Bxc6 bxc6 14. Bf4 Rab8 15. b3 Rbc8 16. Be3 a6 17. Bc5 Rfe8 18. Rfe1 Kf7 19. h3 a5 20. a3 Bf8 21. Bxf8 Rxf8 22. Nd4 Bd7 23. b4 axb4 24. axb4 Ra8 25. f3 Rfe8 26. Rec1 Ke7 27. Kf2 Kd6 28. Nb3 Bf5 29. Nd4 Bg6 30. Rxa8 Rxa8 31. Re1 Re8 32. Rxe8 Bxe8 33. Nb3 d4 34. Nxd4 c5 35. bxc5+ Kxc5 36. Ne6+ Kc4 37. Nxc7 Bf7 38. Ke3 Kc5 39. Na6+ Kb5 40. Nb8 Be6 41. Kf4 Kb6 42. g4 Kb7 43. h4 Kxb8 44. g5 fxg5+ 45. hxg5 Bd5 46. g6 hxg6 47. Kg5 1/2-1/2

[Event "HUN-chT2 9495"]
[Site "Hungary"]
[Date "1995.??.??"]
[Round "?"]
[White "Racz, Zoltan"]
[Black "Varga, Sandor"]
[Result "1/2-1/2"]
[WhiteElo "2250"]
[BlackElo "2260"]
[PlyCount "97"]
[EventDate "1994.??.??"]
[EventType "team"]
[EventRounds "13"]
[EventCountry "HUN"]
[SourceTitle "EXT 1999"]
[Source "ChessBase"]
[SourceDate "1998.11.16"]
[SourceVersion "1"]
[SourceVersionDate "1998.11.16"]
[SourceQuality "1"]

1. e4 e5 2. Nf3 Nc6 3. Bb5 f5 4. d3 d6 5. 0-0 Nf6 6. exf5 Bxf5 7. d4 e4 8. d5 a6 9. dxc6 axb5 10. Nd4 Bc8 11. Bg5 b4 12. Qe2 b6 13. Bxf6 Qxf6 14. Nb5 Kd8 15. Qxe4 Be7 16. Qxb4 d5 17. Qb3 Qxc6 18. N1c3 Bb7 19. Nxd5 Bd6 20. Nxd6 Qxd6 21. Rad1 Kc8 22. Rd3 Ra5 23. Rfd1 Re8 24. c4 Kb8 25. Ne3 Qg6 26. Rd8+ Rxd8 27. Rxd8+ Ka7 28. Qd3 Qg5 29. a3 Re5 30. g3 Qf6 31. Rd4 Qf3 32. Kf1 Qh1+ 33. Ke2 Bf3+ 34. Kd2 Qxh2 35. Qf1 Qh6 36. Kc3 Qf6 37. Qd3 Be4 38. Qd2 Re7 39. Kb3 Bc6 40. Ka2 g5 41. Nd5 Bxd5 42. cxd5 Rd7 43. Qd3 Qe5 44. Ka1 Kb8 45. f4 gxf4 46. gxf4 Qd6 47. Qa6 Qc5 48. Qa4 Rd8 49. Rd1 1/2-1/2

[Event "HUN-chT2 9596"]
[Site "Hungary"]
[Date "1995.??.??"]
[Round "6"]
[White "Varga, Sandor"]
[Black "Lehmann, Zoltan"]
[Result "0-1"]
[WhiteElo "2275"]
[BlackElo "2300"]
[PlyCount "82"]
[EventDate "1995.??.??"]
[EventType "team"]
[EventRounds "11"]
[EventCountry "HUN"]
[SourceTitle "EXT 2000"]
[Source "ChessBase"]
[SourceDate "1999.11.16"]
[SourceVersion "1"]
[SourceVersionDate "1999.11.16"]
[SourceQuality "1"]

1. e4 e5 2. Nf3 Nc6 3. d4 exd4 4. Bc4 Nf6 5. e5 Ne4 6. Qe2 Nc5 7. 0-0 Be7 8. Rd1 Ne6 9. Bxe6 dxe6 10. c3 0-0 11. Nxd4 Nxd4 12. Rxd4 Qe8 13. Nd2 f5 14. Nf3 b6 15. Bg5 Bxg5 16. Nxg5 Bb7 17. Qc4 c5 18. Rd6 Bd5 19. Qh4 h6 20. Nh3 Rd8 21. c4 Rxd6 22. exd6 Bc6 23. Rd1 e5 24. f3 Rf6 25. Qe1 Re6 26. Qd2 Qd7 27. b3 Kf7 28. Nf2 Ke8 29. b4 cxb4 30. Qxb4 e4 31. c5 exf3 32. cxb6 axb6 33. Qf4 Kd8 34. gxf3 Rg6+ 35. Kh1 Re6 36. h3 g5 37. Qg3 f4 38. Qg4 Re3 39. Qxd7+ Kxd7 40. Rd3 Rxd3 41. Nxd3 Bxf3+ 0-1

[Event "Stockerau opJ"]
[Site "Stockerau"]
[Date "1992.??.??"]
[Round "?"]
[White "Efler, Lukas"]
[Black "Varga, Sandor"]
[Result "0-1"]
[WhiteElo "2290"]
[BlackElo "2240"]
[PlyCount "134"]
[EventDate "1992.??.??"]
[EventType "swiss"]
[EventRounds "9"]
[EventCountry "AUT"]
[SourceTitle "EXT 1999"]
[Source "ChessBase"]
[SourceDate "1998.11.16"]
[SourceVersion "1"]
[SourceVersionDate "1998.11.16"]
[SourceQuality "1"]

1. e4 e5 2. Nf3 Nc6 3. Bb5 f5 4. Nc3 fxe4 5. Nxe4 Nf6 6. Nxf6+ Qxf6 7. Qe2 Be7 8. Bxc6 dxc6 9. Nxe5 Bf5 10. d4 0-0 11. Be3 Bd6 12. f4 Bxe5 13. dxe5 Qg6 14. 0-0-0 Qe6 15. Rd4 c5 16. Ra4 Qc6 17. Ra5 b6 18. Ra3 a5 19. Rc3 Be6 20. Kb1 c4 21. Re1 b5 22. Bc1 b4 23. Rg3 a4 24. Qe4 Qb5 25. Rg5 h6 26. Rg6 Bf5 27. Qc6 Rab8 28. Qxb5 Rxb5 29. Rc6 b3 30. Rxc4 bxc2+ 31. Rxc2 Rc5 32. Ree2 Rd8 33. b3 axb3 34. axb3 Rd1 35. Kb2 Bxc2 36. Rxc2 Rxc2+ 37. Kxc2 Rh1 38. g4 Rxh2+ 39. Kd3 Rg2 40. g5 hxg5 41. fxg5 Kf7 42. Kd4 Ke6 43. b4 g6 44. b5 Rg4+ 45. Kc5 Kxe5 46. Bb2+ Ke6 47. Bc1 Kd7 48. Bd2 Rg2 49. Be3 Rg3 50. Bd2 Rf3 51. Kc4 Rf5 52. Be3 Kc8 53. Bd2 Kb7 54. Kb4 Re5 55. Ka4 Re4+ 56. Ka5 c6 57. bxc6+ Kxc6 58. Bc1 Kd5 59. Kb5 Ke6 60. Kc5 Kf5 61. Kd5 Rg4 62. Be3 Rxg5 63. Bxg5 Kxg5 64. Ke4 Kg4 65. Ke3 Kg3 66. Ke2 g5 67. Kf1 Kh2 0-1

[Event "HUN-chT"]
[Site "Hungary"]
[Date "1992.??.??"]
[Round "?"]
[White "Szekeres, Tibor"]
[Black "Varga, Sandor"]
[Result "0-1"]
[WhiteElo "2220"]
[BlackElo "2240"]
[PlyCount "84"]
[EventDate "1992.??.??"]
[EventType "team"]
[EventRounds "14"]
[EventCountry "HUN"]
[SourceTitle "EXT 2000"]
[Source "ChessBase"]
[SourceDate "1999.11.16"]
[SourceVersion "1"]
[SourceVersionDate "1999.11.16"]
[SourceQuality "1"]

1. d4 Nf6 2. c4 g6 3. Nc3 Bg7 4. e4 d6 5. Nge2 0-0 6. Ng3 e5 7. d5 Ng4 8. f3 Nh6 9. h4 f5 10. h5 f4 11. hxg6 hxg6 12. Nge2 g5 13. Ng1 g4 14. fxg4 Bxg4 15. Nf3 Nd7 16. Bd3 Kf7 17. Qe2 Nf6 18. Qf2 Nh5 19. Ne2 Bf6 20. Bd2 Ke7 21. 0-0-0 Qe8 22. Kb1 Bd7 23. Nh2 Qg6 24. c5 Ng3 25. Rhe1 Bh4 26. Nf3 Ng4 27. Qg1 Qh5 28. Nxg3 Bxg3 29. Re2 Nf6 30. Bb4 Rfc8 31. Rc1 Bg4 32. Rec2 Ne8 33. Bb5 Qg6 34. cxd6+ cxd6 35. Nxe5 Qxe4 36. Nd3 Rxc2 37. Rxc2 Be2 38. Rxe2 Qxe2 39. Qh1 Nf6 40. Qh3 Qd1+ 41. Nc1 Qxd5 42. Ba4 Qe4+ 0-1

[Event "Statisztika"]
[Site "Budapest"]
[Date "1991.??.??"]
[Round "11"]
[White "Varga, Sandor"]
[Black "Izsak, Gyula"]
[Result "0-1"]
[WhiteElo "2205"]
[BlackElo "2285"]
[PlyCount "74"]
[EventDate "1991.??.??"]
[EventType "tourn"]
[EventRounds "11"]
[EventCountry "HUN"]
[EventCategory "3"]
[SourceTitle "EXT 1997"]
[Source "ChessBase"]
[SourceDate "1996.11.15"]
[SourceVersion "1"]
[SourceVersionDate "1996.11.15"]
[SourceQuality "1"]

1. e4 c5 2. Nf3 e6 3. d4 cxd4 4. Nxd4 a6 5. Bd3 Qc7 6. 0-0 Nf6 7. c4 Be7 8. Nc3 0-0 9. Bg5 d6 10. Qe2 Nbd7 11. Kh1 b6 12. f4 Bb7 13. Rae1 Rad8 14. Nf3 h6 15. Bh4 e5 16. Nd5 Nxd5 17. cxd5 Bxh4 18. Nxh4 b5 19. fxe5 Nxe5 20. Rc1 Qb6 21. Bb1 Bc8 22. b3 Bg4 23. Qf2 Qxf2 24. Rxf2 Rc8 25. Rfc2 g5 26. Rxc8 Rxc8 27. Rxc8+ Bxc8 28. Nf5 Bxf5 29. exf5 Kg7 30. Kg1 Nd7 31. Bd3 Nb6 32. a4 bxa4 33. bxa4 Nxa4 34. Bxa6 Kf6 35. g4 Ke5 36. Kf2 Nc3 37. Kf3 Nxd5 0-1